[Event "Krasnodar Region-ch"]
[Site "Krasnodar"]
[Date "2010.10.23"]
[Round "8"]
[White "Pudovkin, Dmitry"]
[Black "Pravdiuk, Vladimir P"]
[Result "1-0"]
[WhiteElo "2318"]
[BlackElo "2211"]
[PlyCount "143"]
[EventDate "2010.10.16"]
[EventType "swiss"]
[EventRounds "9"]
[EventCountry "RUS"]
[SourceTitle "EXT 2022"]
[Source "ChessBase"]
[SourceDate "2021.10.06"]
[SourceVersion "1"]
[SourceVersionDate "2021.10.06"]
[SourceQuality "1"]

1. d4 Nf6 2. Nf3 g6 3. c3 Bg7 4. h3 d6 5. Bf4 Nbd7 6. Nbd2 0-0 7. e3 Qe8 8. Bc4 e5 9. dxe5 dxe5 10. Bh2 Qe7 11. 0-0 Ne8 12. Qc2 Nd6 13. Be2 Nc5 14. e4 a5 15. b4 axb4 16. cxb4 Ne6 17. Rfe1 Nf4 18. Bf1 g5 19. Rec1 c6 20. Qc5 Qf6 21. a4 g4 22. hxg4 Bxg4 23. Rc3 Rfd8 24. Re3 Ng6 25. Raa3 h5 26. Re1 Kh7 27. a5 Ne8 28. Nc4 Bf8 29. Qb6 Qe7 30. Rb3 Ra6 31. Qe3 f6 32. b5 Bh6 33. Qc3 cxb5 34. Rxb5 Rc6 35. Reb1 Rc7 36. Qb3 Bc8 37. Nb6 Be6 38. Nd5 Bxd5 39. Rxd5 Rxd5 40. Qxd5 Rd7 41. Qb5 Nd6 42. Qe2 Rc7 43. Qd3 Nf7 44. g3 Nd8 45. Bh3 Nc6 46. Bf5 Kg7 47. Rb5 Nh8 48. Kg2 Nf7 49. Bh3 Bg5 50. Qe2 Kh6 51. Bg1 Nd6 52. Rd5 Nb4 53. Rd1 Rc2 54. Qe1 Nc6 55. Nxg5 fxg5 56. Qe3 Nd4 57. Kh1 Nc4 58. Qe1 Qa3 59. Bg2 Re2 60. Qf1 Nd2 61. Rxd2 Rxd2 62. Qc4 Qxa5 63. Qf7 Qd8 64. Qxb7 Qf6 65. Kh2 Rd1 66. Qc8 Ne2 67. Qc2 Rxg1 68. Qxe2 Ra1 69. Bf3 g4 70. Bg2 Ra7 71. Qe3+ Kg6 72. Qxa7 1-0

[Event "Krasnodar Region-ch"]
[Site "Krasnodar"]
[Date "2010.10.17"]
[Round "2"]
[White "Pravdiuk, Vladimir P"]
[Black "Abrosimov, Nikolay"]
[Result "1-0"]
[WhiteElo "2211"]
[BlackElo "2006"]
[PlyCount "45"]
[EventDate "2010.10.16"]
[EventType "swiss"]
[EventRounds "9"]
[EventCountry "RUS"]
[SourceTitle "EXT 2022"]
[Source "ChessBase"]
[SourceDate "2021.10.06"]
[SourceVersion "1"]
[SourceVersionDate "2021.10.06"]
[SourceQuality "1"]

1. e4 e5 2. Nf3 Nc6 3. Bb5 a6 4. Ba4 Nf6 5. 0-0 b5 6. Bb3 Bc5 7. Nxe5 Nxe5 8. d4 Bxd4 9. Qxd4 d6 10. c3 Bb7 11. f3 0-0 12. Rd1 Qe7 13. Bg5 Rfd8 14. Nd2 h6 15. Bh4 g5 16. Bg3 Nh5 17. Nf1 Ng6 18. Ne3 Nxg3 19. hxg3 Qe5 20. Nf5 h5 21. Nh6+ Kg7 22. Nxf7 Qxd4+ 23. cxd4 1-0

[Event "Krasnodar Region-ch"]
[Site "Krasnodar"]
[Date "2010.10.16"]
[Round "1"]
[White "Airapetian, Valentin"]
[Black "Pravdiuk, Vladimir P"]
[Result "0-1"]
[WhiteElo "1873"]
[BlackElo "2211"]
[PlyCount "62"]
[EventDate "2010.10.16"]
[EventType "swiss"]
[EventRounds "9"]
[EventCountry "RUS"]
[SourceTitle "EXT 2022"]
[Source "ChessBase"]
[SourceDate "2021.10.06"]
[SourceVersion "1"]
[SourceVersionDate "2021.10.06"]
[SourceQuality "1"]

1. e4 c5 2. Nf3 Nc6 3. d4 cxd4 4. Nxd4 Nf6 5. Nc3 d6 6. Be2 e6 7. 0-0 Be7 8. Be3 0-0 9. Nb3 Qc7 10. f4 Rd8 11. Nb5 Qb8 12. Bf3 e5 13. f5 d5 14. exd5 e4 15. Be2 Nxd5 16. Bd4 a6 17. Nc3 Nxd4 18. Qxd4 Nxc3 19. Qxc3 Bf6 20. Qe3 Qe5 21. c3 Bxf5 22. Rad1 Be6 23. Qb6 Bd5 24. Nd4 Rd6 25. Qa5 Bd8 26. Qa3 Bb6 27. Kh1 Rh6 28. h3 Bc7 29. Kg1 Qh2+ 30. Kf2 Qg3+ 31. Kg1 Rxh3 0-1

[Event "Krasnodar Cup op"]
[Site "Krasnodar"]
[Date "2009.12.18"]
[Round "7"]
[White "Pravdiuk, Vladimir P"]
[Black "Sluzhilov, Aleksandr"]
[Result "1-0"]
[WhiteElo "2244"]
[BlackElo "2007"]
[PlyCount "51"]
[EventDate "2009.12.12"]
[EventType "swiss"]
[EventRounds "9"]
[EventCountry "RUS"]
[SourceTitle "EXT 2012"]
[Source "ChessBase"]
[SourceDate "2011.11.24"]
[SourceVersion "1"]
[SourceVersionDate "2011.11.24"]
[SourceQuality "1"]

1. e4 g6 2. d4 Bg7 3. c3 d6 4. Bd3 Nf6 5. Ne2 0-0 6. f3 c5 7. Be3 Qc7 8. Qd2 e5 9. Na3 a6 10. Bh6 b5 11. Bxg7 Kxg7 12. d5 c4 13. Bb1 Nbd7 14. Nc2 Nc5 15. Ne3 Qa5 16. Bc2 Bd7 17. g4 h5 18. Ng3 hxg4 19. Nef5+ Bxf5 20. Nxf5+ Kg8 21. Qh6 gxf5 22. Qg5+ Kh8 23. Qxf6+ Kg8 24. Qg5+ Kh8 25. h3 g3 26. Qh4+ 1-0

[Event "Krasnodar Cup op"]
[Site "Krasnodar"]
[Date "2009.12.14"]
[Round "3"]
[White "Pudovkin, Dmitry"]
[Black "Pravdiuk, Vladimir P"]
[Result "1-0"]
[WhiteElo "2324"]
[BlackElo "2244"]
[PlyCount "55"]
[EventDate "2009.12.12"]
[EventType "swiss"]
[EventRounds "9"]
[EventCountry "RUS"]
[SourceTitle "EXT 2012"]
[Source "ChessBase"]
[SourceDate "2011.11.24"]
[SourceVersion "1"]
[SourceVersionDate "2011.11.24"]
[SourceQuality "1"]

1. d4 Nf6 2. Nf3 g6 3. g3 Bg7 4. Bg2 0-0 5. 0-0 d6 6. c4 Nc6 7. Nc3 Bf5 8. d5 Nb8 9. Nd4 Bd7 10. b3 c5 11. dxc6 Nxc6 12. Bb2 Nxd4 13. Qxd4 Bc6 14. Nd5 Nh5 15. Qd2 Bxb2 16. Qxb2 e6 17. Nc3 Qf6 18. e4 e5 19. Rad1 Ng7 20. Qa3 Rfd8 21. Rd2 Ne6 22. Rxd6 Rxd6 23. Qxd6 Rd8 24. Qb4 Nd4 25. Qa5 Nc2 26. Qxa7 Rd2 27. Qa5 Ne1 28. Nd5 1-0

[Event "Krasnodar Region-ch"]
[Site "Slaviansk na Kubani"]
[Date "2009.10.17"]
[Round "8"]
[White "Bezulenko, Evgeny"]
[Black "Pravdiuk, Vladimir P"]
[Result "1-0"]
[WhiteElo "1901"]
[BlackElo "2240"]
[PlyCount "83"]
[EventDate "2009.10.17"]
[EventType "swiss"]
[EventRounds "9"]
[EventCountry "RUS"]
[SourceTitle "EXT 2013"]
[Source "ChessBase"]
[SourceDate "2012.11.22"]
[SourceVersion "1"]
[SourceVersionDate "2012.11.22"]
[SourceQuality "1"]

1. f3 g6 2. e4 Bg7 3. d4 d6 4. Nc3 Nf6 5. Be3 0-0 6. Qd2 e5 7. dxe5 dxe5 8. 0-0-0 Qxd2+ 9. Rxd2 c6 10. Bc4 Nbd7 11. Nge2 Nb6 12. Bb3 Re8 13. Rhd1 Be6 14. Rd6 Bf8 15. R6d3 Nc4 16. Bg5 Be7 17. g3 Kg7 18. g4 b5 19. Bh4 Nxe4 20. Bxe7 Nxc3 21. Rxc3 Rxe7 22. Ng3 Bd5 23. Ne4 Bxe4 24. fxe4 Na5 25. Rd6 b4 26. Rf3 Rc8 27. Ba4 c5 28. Bb5 Nb7 29. Rdf6 Nd8 30. Bc4 Rcc7 31. g5 Nc6 32. Rf2 Nd4 33. c3 bxc3 34. bxc3 Nc6 35. h4 Nd8 36. Kc2 Rc8 37. Kd3 Rd7+ 38. Kc2 Rcc7 39. Kb3 Nb7 40. Ka4 Nd6 41. Bd5 Ne8 42. Rc6 1-0

[Event "Krasnodar Region-ch"]
[Site "Slaviansk na Kubani"]
[Date "2009.10.17"]
[Round "3"]
[White "Pravdiuk, Vladimir P"]
[Black "Markosian, Sergey"]
[Result "1-0"]
[WhiteElo "2240"]
[BlackElo "1865"]
[PlyCount "89"]
[EventDate "2009.10.17"]
[EventType "swiss"]
[EventRounds "9"]
[EventCountry "RUS"]
[SourceTitle "EXT 2013"]
[Source "ChessBase"]
[SourceDate "2012.11.22"]
[SourceVersion "1"]
[SourceVersionDate "2012.11.22"]
[SourceQuality "1"]

1. e4 c6 2. Nc3 g6 3. Nf3 Bg7 4. d4 Nf6 5. Bd3 d6 6. h3 Nbd7 7. Be3 0-0 8. Qd2 e5 9. dxe5 Nxe5 10. Be2 Qc7 11. 0-0-0 Ne8 12. Nxe5 dxe5 13. Bc5 Be6 14. Bg4 f5 15. Bxf8 Kxf8 16. Bf3 b5 17. exf5 gxf5 18. Nxb5 Qb6 19. Qb4+ c5 20. Qa3 Rb8 21. Nc3 e4 22. Be2 Nc7 23. Na4 Nb5 24. Bxb5 Qxb5 25. Qxc5+ Qxc5 26. Nxc5 Bxb2+ 27. Kd2 Bc8 28. Rb1 Rb5 29. c4 Rxc5 30. Rxb2 Rxc4 31. Rc1 Rd4+ 32. Ke3 Rd3+ 33. Kf4 Bd7 34. Rc7 a5 35. Rbb7 Ke8 36. Rxd7 Rxd7 37. Rxd7 Kxd7 38. Kxf5 Kc6 39. Kxe4 Kc5 40. f4 Kb4 41. f5 Ka3 42. f6 Kxa2 43. f7 a4 44. f8Q a3 45. Qb4 1-0

[Event "Golubitskaya Rating"]
[Site "Golubitskaya"]
[Date "2009.07.21"]
[Round "9"]
[White "Pravdiuk, Vladimir P"]
[Black "Oganesian, Samvel"]
[Result "1-0"]
[WhiteElo "2244"]
[BlackElo "2343"]
[PlyCount "93"]
[EventDate "2009.07.21"]
[EventType "tourn"]
[EventRounds "9"]
[EventCountry "RUS"]
[SourceTitle "EXT 2022"]
[Source "ChessBase"]
[SourceDate "2021.10.06"]
[SourceVersion "1"]
[SourceVersionDate "2021.10.06"]
[SourceQuality "1"]

1. e4 d6 2. d4 g6 3. c3 Bg7 4. Be3 Nf6 5. f3 0-0 6. Qd2 Re8 7. Bh6 Bh8 8. Ne2 e5 9. d5 c6 10. c4 cxd5 11. cxd5 Nbd7 12. Nbc3 a6 13. 0-0-0 b5 14. Kb1 Nb6 15. Rc1 Nc4 16. Qc2 Nd7 17. Ng3 Ndb6 18. Bxc4 Nxc4 19. h4 Bf6 20. Nf1 Bd7 21. Ne3 Rc8 22. Nxc4 Rxc4 23. Qf2 Qa5 24. Bg5 Bd8 25. Bxd8 Rxd8 26. h5 g5 27. h6 Rdc8 28. Qe3 f6 29. g3 b4 30. Ne2 Rxc1+ 31. Rxc1 Rxc1+ 32. Nxc1 Qc7 33. f4 exf4 34. gxf4 g4 35. f5 Bb5 36. Qf4 a5 37. Qxg4+ Kf8 38. Qg1 Qe7 39. Qd4 Qe5 40. Qxe5 fxe5 41. Kc2 Kf7 42. Nb3 Ba4 43. Kd3 Bxb3 44. axb3 Kf6 45. Kc4 Kg5 46. Kb5 Kxh6 47. Kc6 1-0

[Event "Krasnodar Region-ch op"]
[Site "Krasnodar"]
[Date "2008.10.??"]
[Round "5"]
[White "Bondarev, Boris"]
[Black "Pravdiuk, Vladimir P"]
[Result "0-1"]
[WhiteElo "1928"]
[BlackElo "2276"]
[PlyCount "84"]
[EventDate "2008.10.18"]
[EventType "swiss"]
[EventRounds "9"]
[EventCountry "RUS"]
[SourceTitle "EXT 2022"]
[Source "ChessBase"]
[SourceDate "2021.10.06"]
[SourceVersion "1"]
[SourceVersionDate "2021.10.06"]
[SourceQuality "1"]

1. e4 c5 2. Nf3 d6 3. d4 cxd4 4. Nxd4 Nf6 5. Bc4 e6 6. Nc3 a6 7. a4 Qc7 8. Qe2 Nc6 9. Nf3 Be7 10. 0-0 Bd7 11. Bf4 Rc8 12. Rfd1 Ne5 13. Bb3 Nxf3+ 14. gxf3 g5 15. Be3 Nh5 16. Qd2 Nf4 17. Bxf4 gxf4 18. Qxf4 Rg8+ 19. Kh1 Bg5 20. Qxd6 Qxd6 21. Rxd6 Bf4 22. Rdd1 Rc5 23. Ne2 Bxh2 24. Ng3 Bxg3 25. fxg3 Rxg3 26. Rd2 Rh5+ 27. Rh2 Rxh2+ 28. Kxh2 Rxf3 29. Re1 Bc6 30. e5 Rf4 31. Kg3 Re4 32. Rxe4 Bxe4 33. a5 Kd7 34. Kf4 Bg6 35. Ba4+ Ke7 36. c4 f6 37. exf6+ Kxf6 38. Bd7 e5+ 39. Ke3 Bf7 40. c5 Bd5 41. b4 Bc6 42. Bg4 Kg5 0-1

[Event "RUS-ch 60th zt"]
[Site "Rostov on Don"]
[Date "2007.03.??"]
[Round "6"]
[White "Panov, Anatoly"]
[Black "Pravdiuk, Vladimir P"]
[Result "0-1"]
[WhiteElo "2174"]
[BlackElo "2297"]
[PlyCount "52"]
[EventDate "2007.03.16"]
[EventType "swiss"]
[EventRounds "9"]
[EventCountry "RUS"]
[SourceTitle "EXT 2022"]
[Source "ChessBase"]
[SourceDate "2021.10.06"]
[SourceVersion "1"]
[SourceVersionDate "2021.10.06"]
[SourceQuality "1"]

1. e4 c5 2. Nc3 e6 3. Nge2 Nc6 4. g3 d5 5. exd5 exd5 6. Bg2 d4 7. Nd5 Nf6 8. Nef4 Nxd5 9. Nxd5 Be6 10. Nf4 Bd7 11. d3 Bd6 12. 0-0 0-0 13. c3 dxc3 14. bxc3 Be5 15. Qc2 Bf5 16. Be4 Bxe4 17. dxe4 Bxf4 18. Bxf4 Qe7 19. Rad1 Rfe8 20. Rfe1 Rad8 21. Rxd8 Rxd8 22. Rd1 g5 23. Be3 Ne5 24. Rd5 Nf3+ 25. Kh1 Rxd5 26. exd5 Qd7 0-1

[Event "Kuban Region-ch"]
[Site "Krasnodar"]
[Date "2007.??.??"]
[Round "6"]
[White "Gochelashvili, David"]
[Black "Pravdiuk, Vladimir P"]
[Result "1-0"]
[WhiteElo "2430"]
[BlackElo "2285"]
[PlyCount "116"]
[EventDate "2007.10.??"]
[EventType "swiss"]
[EventRounds "9"]
[EventCountry "RUS"]
[SourceTitle "EXT 2010"]
[Source "ChessBase"]
[SourceDate "2010.11.25"]
[SourceVersion "1"]
[SourceVersionDate "2010.11.25"]
[SourceQuality "1"]

1. d4 Nf6 2. Nf3 g6 3. Bg5 Bg7 4. Nbd2 h6 5. Bh4 d6 6. e4 Nc6 7. d5 Nb8 8. c4 0-0 9. Be2 Nbd7 10. Qc2 Nc5 11. h3 a5 12. 0-0 c6 13. Rac1 Bd7 14. Rfe1 Qb6 15. b3 Rfc8 16. Bd3 g5 17. Bg3 a4 18. Rb1 axb3 19. axb3 Nh5 20. Bh2 Nxd3 21. Qxd3 Ra2 22. Rbc1 Rca8 23. e5 dxe5 24. Nxe5 Be8 25. c5 Qa6 26. Ndc4 cxd5 27. Qxd5 Nf6 28. Qf3 Rd8 29. Rcd1 Rxd1 30. Rxd1 Ra1 31. Bg3 Ne4 32. Kh2 Nxg3 33. fxg3 Rxd1 34. Qxd1 Qe6 35. Qd4 Bb5 36. Qd8+ Kh7 37. Qc7 Bxc4 38. Nxc4 Bd4 39. Nd2 Qe3 40. Nf3 Bxc5 41. Qxb7 Bd6 42. Qd5 Kg7 43. b4 Qf2 44. Kh1 Bxg3 45. Qd3 Qb2 46. Nd2 Bf4 47. Nb3 Qf2 48. Qd1 Qg3 49. Kg1 Be3+ 50. Kh1 h5 51. Nd4 Qf2 52. Nf3 g4 53. hxg4 hxg4 54. Nh2 f5 55. b5 Qh4 56. Qa1+ Kg6 57. g3 Qxg3 58. Qc3 Qf2 1-0

[Event "Kuban Region-ch"]
[Site "Krasnodar"]
[Date "2007.??.??"]
[Round "9"]
[White "Pravdiuk, Vladimir P"]
[Black "Stepovaia, Tatiana"]
[Result "0-1"]
[WhiteElo "2285"]
[BlackElo "2375"]
[PlyCount "99"]
[EventDate "2007.10.??"]
[EventType "swiss"]
[EventRounds "9"]
[EventCountry "RUS"]
[SourceTitle "EXT 2010"]
[Source "ChessBase"]
[SourceDate "2010.11.25"]
[SourceVersion "1"]
[SourceVersionDate "2010.11.25"]
[SourceQuality "1"]

1. e4 e6 2. d4 d5 3. e5 c5 4. c3 Nc6 5. Nf3 Qb6 6. Bd3 Bd7 7. 0-0 cxd4 8. cxd4 Nb4 9. Nc3 Nxd3 10. Qxd3 Ne7 11. Be3 Nf5 12. a3 Be7 13. Rfc1 0-0 14. Qd2 a5 15. Ne2 Rac8 16. Ng3 Nxe3 17. fxe3 Qb3 18. Nh5 Rc6 19. h4 Rfc8 20. Rxc6 bxc6 21. Kh2 c5 22. Rc1 c4 23. Rc3 Qb8 24. Qf2 g6 25. Nf4 Rc7 26. Ng5 Qf8 27. Qg3 Rb7 28. Rc2 h6 29. Ngxe6 Bxe6 30. Nxe6 fxe6 31. Qxg6+ Kh8 32. g3 Qf5 33. Qxh6+ Kg8 34. Rg2 Bf8 35. Qf4 Rf7 36. Qxf5 Rxf5 37. Re2 Rf1 38. Kg2 Rc1 39. g4 Be7 40. g5 Kg7 41. Kf3 Kg6 42. Rg2 Kh5 43. g6 Rf1+ 44. Ke2 Rf8 45. g7 Rg8 46. a4 Kh6 47. e4 Rxg7 48. Rf2 Bxh4 49. Rh2 Kh5 50. exd5 0-1

[Event "Kuban Region-ch"]
[Site "Krasnodar"]
[Date "2007.??.??"]
[Round "4"]
[White "Prikhodko, Sergey"]
[Black "Pravdiuk, Vladimir P"]
[Result "0-1"]
[WhiteElo "2070"]
[BlackElo "2285"]
[PlyCount "96"]
[EventDate "2007.10.??"]
[EventType "swiss"]
[EventRounds "9"]
[EventCountry "RUS"]
[SourceTitle "EXT 2010"]
[Source "ChessBase"]
[SourceDate "2010.11.25"]
[SourceVersion "1"]
[SourceVersionDate "2010.11.25"]
[SourceQuality "1"]

1. e4 c5 2. Nf3 Nc6 3. Bb5 Nf6 4. Bxc6 dxc6 5. d3 g6 6. Nc3 Bg7 7. 0-0 0-0 8. Be3 b6 9. h3 Ne8 10. Qd2 e5 11. Bh6 f6 12. a4 a5 13. Rfe1 Nc7 14. Bxg7 Kxg7 15. Ne2 Ne6 16. b3 g5 17. g3 Qd7 18. Kg2 Nd4 19. Nfg1 Nxe2 20. Qxe2 h5 21. Qxh5 Rh8 22. Qf3 Qf7 23. g4 Be6 24. Re3 Rh4 25. Kf1 Rah8 26. Ke1 Qd7 27. Kd2 c4 28. bxc4 Bxc4 29. Qd1 Be6 30. f3 Qd4 31. Qc1 b5 32. c3 Qb6 33. axb5 cxb5 34. Qa3 Ra8 35. Ree1 Rhh8 36. Ke2 b4 37. Qb2 Qd6 38. c4 Rhd8 39. Red1 a4 40. Kf2 a3 41. Qb3 Qd4+ 42. Kg2 Bxc4 43. dxc4 Qb2+ 44. Qxb2 axb2 45. Rab1 Rxd1 46. Rxb2 b3 47. Rxb3 Ra2+ 48. Kh1 Rdd2 0-1

[Event "Krasnodar Petrosian Memorial op"]
[Site "Krasnodar"]
[Date "2004.10.??"]
[Round "3"]
[White "Pravdiuk, Vladimir P"]
[Black "Zakhartsov, Viacheslav V"]
[Result "0-1"]
[WhiteElo "2306"]
[BlackElo "2534"]
[PlyCount "106"]
[EventDate "2004.10.??"]
[EventType "swiss"]
[EventRounds "9"]
[EventCountry "RUS"]
[SourceTitle "EXT 2006"]
[Source "ChessBase"]
[SourceDate "2005.11.24"]
[SourceVersion "1"]
[SourceVersionDate "2005.11.24"]
[SourceQuality "1"]

1. e4 c5 2. c3 Nf6 3. d3 d6 4. Nf3 g6 5. Be2 Bg7 6. 0-0 0-0 7. Qc2 Qc7 8. h3 d5 9. Re1 e5 10. Bg5 Be6 11. Nbd2 h6 12. Bh4 Nh5 13. Nf1 Nc6 14. Ne3 Nf4 15. Bg3 d4 16. Bxf4 exf4 17. Nd5 Qd6 18. c4 Rab8 19. Qd2 g5 20. Nh2 b5 21. b3 Rb7 22. Rac1 Rfb8 23. Bg4 Qd8 24. Bf5 bxc4 25. dxc4 Qc8 26. Qc2 a5 27. Ng4 a4 28. Ngf6+ Bxf6 29. Nxf6+ Kg7 30. Bxe6 Qxe6 31. e5 Nxe5 32. Ng4 axb3 33. axb3 f6 34. Rxe5 fxe5 35. Re1 Qg6 36. Qxg6+ Kxg6 37. Nxe5+ Kg7 38. Nd3 Rxb3 39. Nxc5 Rb1 40. Kf1 Rxe1+ 41. Kxe1 Kg6 42. Ke2 Rb2+ 43. Kf3 Rc2 44. Nd3 Kf5 45. g4+ fxg3 46. fxg3 Rc3 47. g4+ Ke6 48. Ke4 Rxc4 49. Nf2 Rc3 50. Kxd4 Rf3 51. Ne4 Rxh3 52. Nc5+ Kf6 53. Nd7+ Ke7 0-1

[Event "RUS-ch 1/2 fin"]
[Site "Krasnodar"]
[Date "2002.??.??"]
[Round "?"]
[White "Chunihin, Sergey"]
[Black "Pravdiuk, Vladimir P"]
[Result "0-1"]
[WhiteElo "2080"]
[BlackElo "2264"]
[PlyCount "82"]
[EventDate "2002.??.??"]
[EventType "swiss"]
[EventRounds "9"]
[EventCountry "RUS"]
[SourceTitle "EXT 2003"]
[Source "ChessBase"]
[SourceDate "2002.11.25"]
[SourceVersion "1"]
[SourceVersionDate "2002.11.25"]
[SourceQuality "1"]

1. f4 c5 2. Nf3 Nc6 3. b3 Nf6 4. Bb2 g6 5. e3 d6 6. d4 Bg7 7. d5 Nb8 8. e4 0-0 9. Bd3 e6 10. dxe6 fxe6 11. Qc1 e5 12. fxe5 Ng4 13. Bc4+ Kh8 14. 0-0 Nxe5 15. Nxe5 dxe5 16. Rxf8+ Qxf8 17. Qg5 Nc6 18. Nd2 Qf4 19. Qxf4 exf4 20. Bxg7+ Kxg7 21. Nf3 Bg4 22. Bd5 Bxf3 23. Bxc6 bxc6 24. gxf3 Rd8 25. Rf1 Kf6 26. Rf2 c4 27. bxc4 Rd4 28. Kf1 Rxc4 29. Rd2 Rc3 30. Ke2 g5 31. a4 a5 32. Rd6+ Ke5 33. Rh6 Rxc2+ 34. Kd3 Rf2 35. Rh3 h5 36. Rxh5 Rxf3+ 37. Kc4 Kxe4 38. Rxg5 Rh3 39. Rxa5 f3 40. Ra8 f2 41. Re8+ Kf3 0-1

[Event "RUS-ch 1/2 fin"]
[Site "Krasnodar"]
[Date "2002.??.??"]
[Round "?"]
[White "Pravdiuk, Vladimir P"]
[Black "Korniushin, Nikolay"]
[Result "1-0"]
[WhiteElo "2264"]
[BlackElo "2448"]
[PlyCount "79"]
[EventDate "2002.??.??"]
[EventType "swiss"]
[EventRounds "9"]
[EventCountry "RUS"]
[SourceTitle "EXT 2003"]
[Source "ChessBase"]
[SourceDate "2002.11.25"]
[SourceVersion "1"]
[SourceVersionDate "2002.11.25"]
[SourceQuality "1"]

1. e4 e6 2. d3 d5 3. Qe2 Nf6 4. Nf3 Be7 5. g3 b6 6. e5 Nfd7 7. h4 c5 8. Bg2 Nc6 9. Bf4 Ba6 10. c3 b5 11. a3 Qb6 12. Nbd2 h6 13. h5 Bb7 14. 0-0 Nf8 15. g4 Nh7 16. Rfe1 0-0 17. Nf1 f5 18. exf6 Rxf6 19. Bg3 Raf8 20. Nh4 Ng5 21. Ng6 c4 22. d4 Re8 23. Nd2 Rf7 24. f4 Bd6 25. Qe3 Nh7 26. Bxd5 Nd8 27. Bxb7 Qxb7 28. Ne4 Bb8 29. Ne5 Rff8 30. Nc5 Qd5 31. Ned7 Nf6 32. Nxb8 Nxg4 33. Qe4 Qxh5 34. Nbd7 Rf5 35. Ne5 g5 36. Qh1 Nf6 37. Ncd7 Nxd7 38. Nxd7 Re7 39. Ne5 gxf4 40. Bh4 1-0

[Event "RUS-ch 1/2 fin"]
[Site "Krasnodar"]
[Date "2002.??.??"]
[Round "?"]
[White "Pravdiuk, Vladimir P"]
[Black "Mamjan, Manuk"]
[Result "1-0"]
[WhiteElo "2264"]
[BlackElo "2267"]
[PlyCount "61"]
[EventDate "2002.??.??"]
[EventType "swiss"]
[EventRounds "9"]
[EventCountry "RUS"]
[SourceTitle "EXT 2003"]
[Source "ChessBase"]
[SourceDate "2002.11.25"]
[SourceVersion "1"]
[SourceVersionDate "2002.11.25"]
[SourceQuality "1"]

1. e4 c5 2. Nf3 Nc6 3. Bb5 g6 4. c3 Bg7 5. d4 cxd4 6. cxd4 d5 7. exd5 Qxd5 8. Nc3 Qh5 9. d5 a6 10. Ba4 Bxc3+ 11. bxc3 b5 12. dxc6 bxa4 13. Qxa4 Nf6 14. Ba3 0-0 15. 0-0 Re8 16. Rfe1 e5 17. Nxe5 Rxe5 18. Qd4 Rxe1+ 19. Rxe1 Be6 20. Qxf6 Rc8 21. Bd6 Qf5 22. Qxf5 gxf5 23. c7 Bxa2 24. Re5 Be6 25. g4 Kg7 26. gxf5 Bd7 27. f4 Ra8 28. f6+ Kxf6 29. Be7+ Kg6 30. Rg5+ Kh6 31. Bf6 1-0

[Event "RUS-ch 1/2 fin"]
[Site "Krasnodar"]
[Date "2002.??.??"]
[Round "?"]
[White "Pravdiuk, Vladimir P"]
[Black "Volkov, Vijcheslav"]
[Result "1-0"]
[WhiteElo "2264"]
[BlackElo "2153"]
[PlyCount "54"]
[EventDate "2002.??.??"]
[EventType "swiss"]
[EventRounds "9"]
[EventCountry "RUS"]
[SourceTitle "EXT 2003"]
[Source "ChessBase"]
[SourceDate "2002.11.25"]
[SourceVersion "1"]
[SourceVersionDate "2002.11.25"]
[SourceQuality "1"]

1. e4 c5 2. c3 d5 3. d3 dxe4 4. dxe4 Qxd1+ 5. Kxd1 Nc6 6. Nf3 Bg4 7. Nbd2 0-0-0 8. Kc2 g6 9. Bb5 Bd7 10. a4 Bg7 11. Nc4 Nf6 12. Re1 Ng4 13. Re2 Nge5 14. Nfxe5 Nxe5 15. Bxd7+ Rxd7 16. Nxe5 Bxe5 17. Be3 b6 18. h3 h5 19. a5 Kb7 20. Rd2 Rhd8 21. Rxd7+ Rxd7 22. f4 Bg7 23. g4 hxg4 24. hxg4 c4 25. axb6 axb6 26. Ra4 Rd3 27. Bd2 b5 1-0

[Event "RUS-ch sf"]
[Site "Krasnodar"]
[Date "2001.??.??"]
[Round "?"]
[White "Chapliev, Aleksandr"]
[Black "Pravdiuk, Vladimir P"]
[Result "1-0"]
[WhiteElo "2159"]
[BlackElo "2313"]
[PlyCount "112"]
[EventDate "2001.??.??"]
[EventType "swiss"]
[EventRounds "9"]
[EventCountry "RUS"]
[SourceTitle "EXT 2002"]
[Source "ChessBase"]
[SourceDate "2001.11.25"]
[SourceVersion "1"]
[SourceVersionDate "2001.11.25"]
[SourceQuality "1"]

1. d4 Nf6 2. Nf3 d6 3. Nc3 d5 4. Bf4 Bf5 5. Nh4 Bg6 6. Nxg6 hxg6 7. e3 e6 8. Bd3 c5 9. Nb5 Na6 10. c3 Be7 11. dxc5 Bxc5 12. b4 Be7 13. Nd4 Nc7 14. Qa4+ Kf8 15. Bxg6 Bd6 16. Bxd6+ Qxd6 17. Bd3 Rxh2 18. 0-0-0 a6 19. Rxh2 Qxh2 20. Qa5 Ng4 21. Be2 Nxf2 22. Rf1 Qg3 23. Rxf2 Qxf2 24. Qxc7 Qxe3+ 25. Kd1 Qg1+ 26. Kc2 Qxg2 27. Qxb7 Re8 28. Qxa6 e5 29. Nf5 d4 30. cxd4 exd4 31. Nxd4 Qe4+ 32. Qd3 Rc8+ 33. Kb2 Qe5 34. Kb1 Kg8 35. Nc2 Qe7 36. a3 Rd8 37. Qc4 Qe5 38. Bd3 Qg3 39. Be2 g6 40. Kb2 Rd2 41. Qe4 Qf2 42. Bc4 Qf6+ 43. Ka2 Kg7 44. a4 Qc3 45. Bb3 f5 46. Qe7+ Kh6 47. Qc5 Qf3 48. a5 Rd3 49. b5 Rc3 50. Qb4 g5 51. b6 Qd3 52. Kb2 Rc8 53. b7 Rb8 54. Qb6+ Kh5 55. Qc7 Rxb7 56. Qxb7 f4 1-0

[Event "RUS-Cup"]
[Site "Krasnodar"]
[Date "1998.??.??"]
[Round "1"]
[White "Galkin, Alexander"]
[Black "Pravdiuk, Vladimir P"]
[Result "1-0"]
[WhiteElo "2565"]
[BlackElo "2385"]
[PlyCount "77"]
[EventDate "1998.??.??"]
[EventType "swiss"]
[EventRounds "9"]
[EventCountry "RUS"]
[SourceTitle "EXT 2000"]
[Source "ChessBase"]
[SourceDate "1999.11.16"]
[SourceVersion "1"]
[SourceVersionDate "1999.11.16"]
[SourceQuality "1"]

1. e4 c5 2. Nf3 Nc6 3. d4 cxd4 4. Nxd4 Nf6 5. Nc3 g6 6. Be3 Bg7 7. Be2 0-0 8. Nb3 a5 9. a4 d5 10. exd5 Nb4 11. Bf3 Bf5 12. Rc1 Rc8 13. 0-0 Bxc2 14. Rxc2 Nxc2 15. Qxc2 Nxd5 16. Bxd5 Qxd5 17. Nxd5 Rxc2 18. Nxa5 Rxb2 19. Nc4 Ra2 20. Nxe7+ Kh8 21. Nb6 Rd8 22. Ned5 Ra1 23. Rxa1 Bxa1 24. Kf1 Rd6 25. Ke2 Rc6 26. Kd3 f5 27. Nc4 Kg7 28. Na5 Rd6 29. Kc4 Rd7 30. Nb3 Be5 31. Nc5 Rf7 32. g3 h6 33. h4 Kh7 34. Kb5 Bd6 35. Ne6 Be7 36. Kb6 Bd6 37. a5 Be7 38. Nec7 Bd8 39. Kxb7 1-0